Statistiken für Periodensystem Symbole Quiz

Klicken Sie hier um das Quiz zu spielen!

Allgemein

  • Dieses Quiz wurde 469 mal gespielt
  • Das Durchschnittsergebnis liegt bei 61 aus 118

Antwortstatistiken

#Element% Korrekt
1H
99%
6C
95%
16S
95%
5B
94%
7N
94%
8O
94%
19K
93%
9F
92%
15P
91%
2He
90%
53I
86%
3Li
85%
92U
84%
74W
82%
10Ne
78%
11Na
77%
18Ar
76%
79Au
75%
20Ca
74%
13Al
73%
26Fe
73%
12Mg
73%
23V
73%
39Y
72%
4Be
71%
47Ag
70%
14Si
69%
35Br
68%
33As
65%
17Cl
65%
88Ra
65%
32Ge
64%
54Xe
64%
29Cu
63%
27Co
62%
28Ni
60%
34Se
60%
31Ga
58%
22Ti
58%
25Mn
56%
82Pb
54%
57La
53%
84Po
53%
30Zn
53%
56Ba
52%
99Es
52%
52Te
52%
24Cr
51%
87Fr
51%
36Kr
51%
44Ru
50%
50Sn
50%
80Hg
49%
73Ta
49%
95Am
48%
58Ce
48%
42Mo
48%
91Pa
48%
86Rn
48%
85At
46%
110Ds
46%
114Fl
46%
94Pu
46%
21Sc
46%
68Er
45%
78Pt
45%
37Rb
45%
75Re
44%
38Sr
44%
83Bi
43%
55Cs
43%
45Rh
42%
90Th
42%
89Ac
41%
51Sb
40%
63Eu
39%
102No
39%
76Os
39%
67Ho
38%
77Ir
38%
46Pd
38%
48Cd
37%
49In
37%
81Tl
37%
71Lu
36%
43Tc
36%
108Hs
34%
104Rf
34%
72Hf
33%
118Og
33%
59Pr
33%
112Cn
32%
41Nb
32%
62Sm
32%
40Zr
32%
96Cm
31%
109Mt
31%
111Rg
31%
117Ts
31%
107Bh
30%
105Db
30%
98Cf
29%
103Lr
29%
101Md
29%
93Np
29%
61Pm
29%
106Sg
29%
66Dy
28%
100Fm
28%
64Gd
28%
60Nd
28%
69Tm
28%
97Bk
27%
115Mc
27%
65Tb
27%
70Yb
25%
116Lv
24%
113Nh
21%

Verteilung der Resultate

Perzentil nach korrekt beantworteten Fragen

Anzahl Personen mit jedem Resultat

Ihre Resultats-Entwicklung

Sie haben dieses Quiz noch nicht gespielt